00646cam a22002173a 45000010005000000030006000050050017000110080041000280400015000690420007000840500007000911000039000982450076001372600029002135060030002425160020002726530032002926530035003248300028003598560041003875980PGUSA20140828083127.0060606s2006||||xxu|||||s|||||000 1 eng d aPGUSAbeng adc 4aPS1 aLincoln, Joseph Crosby,d1870-194410aKent Knowles :bQuahaugh[electronic resource] /cJoseph Crosby Lincoln bProject Gutenberg,c2006 aPublic domain in the USA. aElectronic text aCape Cod (Mass.) -- Fiction aAmericans -- Europe -- Fiction 0aProject Gutenbergv598040uhttp://www.gutenberg.org/ebooks/5980